Présidents des partis politiques belges - Statistiques

Statistiques générales
  • Ce quiz a été pris 179 fois
  • Le résultat moyen est 5 sur 12
Statistiques - réponses
Réponse % Correct
PS Paul Magnette
77%
N-VA Bart De Wever
75%
MR Georges Louis Bouchez
68%
PTB / PVDA Raoul Hedebouw
62%
Les engagés Maxime Prévot
52%
Défi François De Smet
37%
Vlaams Belang Tom Van Grieken
35%
Ecolo Jean-Marc Nollet / Radja Maouane
31%
CD&V Sammy Madhi
23%
Open Vld Tom Ongena
12%
Vooruit Melissa Depraetere
10%
Groen Nadia Naji / Jeremie Vaneeckhout
9%
Aucun quiz correspondant
Distribution des résultats
% des personnes avec chaque résultat
Percentile par nombre de réponses
Votre historique - résultats
Vous n’avez pas pris ce quiz